00468nam a22001337a 4500003000400000005001700004008004100021020001400062050002000076082002500096245014200121260004800263300002300311OSt20140310182351.0130930t xxu||||| |||| 00| 0 eng d a051767128 aPZ 5b.C44 1988 aGS 808.83 bS54 1988 aA child's book of stories from many lands /ccompiled by Ada M. Skinner and Eleanor L. Skinner ; with pictures by Jessie Willcox Smith.  aNew York : bChildren's Classics, c1988.  a208 p. :c24 cm.